[Event "Oberliga Wuerttemberg 1617"]
[Site "Wuerttemberg"]
[Date "2016.10.30"]
[Round "3.6"]
[White "Fritsch, Rolf"]
[Black "Geshnizjani, Ramin Tobias"]
[Result "0-1"]
[WhiteElo "2258"]
[BlackElo "2114"]
[PlyCount "64"]
[EventDate "2016.09.25"]
[EventType "team-tourn"]
[EventRounds "11"]
[EventCountry "GER"]
[SourceTitle "EXT 2019"]
[Source "ChessBase"]
[SourceDate "2018.10.10"]
[SourceVersion "1"]
[SourceVersionDate "2018.10.10"]
[SourceQuality "1"]
[WhiteTeam "Stuttgart SF"]
[BlackTeam "Heilbronn"]
[WhiteTeamCountry "GER"]
[BlackTeamCountry "GER"]

1. d4 d5 2. Bf4 c5 3. e3 Nc6 4. c3 Bf5 5. Nd2 Nf6 6. Ngf3 e6 7. Nh4 Bg6 8. Nxg6 hxg6 9. h3 Bd6 10. Qb3 0-0 11. dxc5 Bxf4 12. exf4 Qe7 13. Qb5 d4 14. Qc4 e5 15. 0-0-0 dxc3 16. Qxc3 Nd5 17. Qc4 Nxf4 18. Ne4 Nd4 19. Kb1 Nfe6 20. Bd3 Rfc8 21. b4 a5 22. a3 axb4 23. axb4 b6 24. Nd6 Rc6 25. Nb5 Nxb5 26. Qxb5 Nd4 27. Qc4 Qa7 28. Kc1 bxc5 29. Be4 Qa1+ 30. Kd2 Qb2+ 31. Ke3 Ra3+ 32. Rd3 Qe2# 0-1

[Event "GER-chT Seniors 25th"]
[Site "Magdeburg"]
[Date "2016.10.15"]
[Round "7.14"]
[White "Kahe, Ralph"]
[Black "Fritsch, Rolf"]
[Result "1/2-1/2"]
[WhiteElo "2189"]
[BlackElo "2258"]
[PlyCount "102"]
[EventDate "2016.10.09"]
[EventType "team-swiss"]
[EventRounds "7"]
[EventCountry "GER"]
[SourceTitle "EXT 2019"]
[Source "ChessBase"]
[SourceDate "2018.10.10"]
[SourceVersion "1"]
[SourceVersionDate "2018.10.10"]
[SourceQuality "1"]
[WhiteTeam "Sachsen Anhalt"]
[BlackTeam "Wuerttemberg"]
[WhiteTeamCountry "GER"]
[BlackTeamCountry "GER"]

1. d4 d6 2. e4 g6 3. c4 Bg7 4. Nc3 e5 5. dxe5 dxe5 6. Qxd8+ Kxd8 7. Nf3 f6 8. Be3 Be6 9. Be2 Nd7 10. 0-0-0 Bh6 11. Bxh6 Nxh6 12. Nd2 c6 13. c5 Ke7 14. b4 a5 15. a3 axb4 16. axb4 b6 17. cxb6 Nxb6 18. Kc2 Nf7 19. Ra1 Nd6 20. Rhb1 Ndc4 21. Bxc4 Nxc4 22. Nxc4 Bxc4 23. Na4 Rhd8 24. Nc5 f5 25. Kc3 Bb5 26. Rxa8 Rxa8 27. Rd1 Ra7 28. h4 f4 29. Kb2 h6 30. Ra1 Rxa1 31. Kxa1 g5 32. hxg5 hxg5 33. Kb2 Kd6 34. Kc3 g4 35. g3 fxg3 36. fxg3 Ke7 37. Nb3 Kd6 38. Na5 Be2 39. Nc4+ Ke6 40. Ne3 Bf3 41. Kd3 Kd6 42. Nc4+ Ke6 43. Ke3 Bd1 44. Nb2 Bc2 45. Nd3 Bd1 46. Ne1 Kd6 47. Kd2 Bb3 48. Nd3 Bc4 49. Kc3 Bxd3 50. Kxd3 Kc7 51. Kc3 Kb7 1/2-1/2